| 000 | 00509nam a2200181Ia 4500 | ||
|---|---|---|---|
| 005 | 20250508155002.0 | ||
| 008 | 008 250505s9999 xx 000 0 eng d | ||
| 037 | _aTextual | ||
| 040 |
_aFEDL _beng _cFEDL |
||
| 041 |
_aeng _2eng |
||
| 084 |
_a500, LEN _qFEDL |
||
| 100 |
_aLenzen Victor F _9766514 |
||
| 245 | 0 | _aProcedures of empirical science | |
| 260 |
_aChicago, USA _bThe University of Chicago Press _c1938 |
||
| 300 | _a59p. | ||
| 942 |
_cTEXL _h500, LEN |
||
| 999 |
_c1353284 _d1353284 |
||